Kellogg on technology & innovation / (Record no. 14416)

000 -LEADER
fixed length control field 00798cam a2200229 a 4500
020 ## - INTERNATIONAL STANDARD BOOK NUMBER
ISBN 047123592X (alk. paper)
040 ## - CATALOGING SOURCE
Transcribing agency DLC
082 00 - DEWEY DECIMAL CLASSIFICATION NUMBER
Classification number 338 WIL 2003 A067 Or.
245 00 - TITLE STATEMENT
Title Kellogg on technology & innovation /
246 3# - VARYING FORM OF TITLE
Title proper/short title Kellogg on technology and innovation
260 ## - PUBLICATION, DISTRIBUTION, ETC. (IMPRINT)
Place of publication Hoboken, N.J. :
Name of publisher Wiley,
Year of publication c2003.
300 ## - PHYSICAL DESCRIPTION
Number of Pages xiii, 354 p. :
Other physical details ill. ;
Dimensions 24 cm.
650 #0 - SUBJECT ADDED ENTRY--TOPICAL TERM
Topical Term Technological innovations
700 1# - ADDED ENTRY--PERSONAL NAME
Personal name Gulati, Ranjay.
700 1# - ADDED ENTRY--PERSONAL NAME
Personal name Sawhney, Mohanbir S.
700 1# - ADDED ENTRY--PERSONAL NAME
Personal name Paoni, Anthony.
710 2# - ADDED ENTRY--CORPORATE NAME
Corporate name or jurisdiction name as entry element J.L. Kellogg Graduate School of Management.
856 42 - ELECTRONIC LOCATION AND ACCESS
Uniform Resource Identifier http://www.loc.gov/catdir/bios/wiley044/2002011427.html
856 42 - ELECTRONIC LOCATION AND ACCESS
Uniform Resource Identifier http://www.loc.gov/catdir/description/wiley037/2002011427.html
856 41 - ELECTRONIC LOCATION AND ACCESS
Uniform Resource Identifier http://www.loc.gov/catdir/toc/wiley031/2002011427.html
942 ## - ADDED ENTRY ELEMENTS (KOHA)
Koha item type សៀវភៅភាសាអង់គ្លេស
952 ## - LOCATION AND ITEM INFORMATION (KOHA)
Withdrawn status [LOCAL, KOHA] 0
Holdings
Permanent Location Date acquired Koha item type Lost status Shelving location Barcode Current Location Full call number
Library Block A2017-10-16សៀវភៅភាសាអង់គ្លេស A067A13643Library Block A338 WIL 2003 A067 Or.
មជ្ឈមណ្ឌលឯការនៃសាកលវិទ្យាល័យភូមិន្ទកសិកម្មចំការដូង

Powered by Koha